| 000 | 00674cam a2200241 a 4500 | ||
|---|---|---|---|
| 001 | 3769287 | ||
| 005 | 20180130033047.0 | ||
| 008 | 830914s1984 mnu 001 0 eng | ||
| 010 | _a 83019830 | ||
| 020 | _a0314748806 | ||
| 040 |
_aDLC _cDLC _dDLC |
||
| 041 | _aeng | ||
| 043 | _an-us--- | ||
| 080 | _a346.7303 DOB | ||
| 082 | 0 | 0 |
_a346.7303 DOB _a347.3063 _219 |
| 100 | _a14 | ||
| 101 | _aJUR | ||
| 245 | 0 | 0 |
_aProsser and Keeton on the law of torts / _cW. Page Keeton, general editor ; W. Page Keeton ... [et al.]. |
| 740 | 0 | _aProsser and Keeton on torts. | |
| 740 | 0 | _aTorts 5th ed. | |
| 906 |
_a7 _bcbc _corignew _d1 _eocip _f19 _gy-gencatlg |
||
| 942 |
_2ddc _cBK |
||
| 999 |
_c41211 _d41211 |
||